[Event "Asian Nation Cup Women 2018"]
[Site "Hamedan"]
[Date "2018.07.29"]
[Round "2"]
[White "Guo, Qi"]
[Black "Padmini, Rout"]
[Result "1-0"]
[WhiteElo "2361"]
[BlackElo "2338"]
[Annotator "NA"]
[PlyCount "83"]
[EventDate "2018.07.27"]
[EventType "swiss"]
[EventCountry "IRI"]
[SourceTitle "playchess.com"]
[Source "ChessBase"]
[SourceQuality "1"]
[WhiteTeam "China"]
[BlackTeam "India"]
[WhiteTeamCountry "CHN"]
[BlackTeamCountry "IND"]
[TimeControl "40/5400+30:1800+30"]

1. d4 {[%emt 0:00:00]} Nf6 {[%emt 0:00:03]} 2. Nf3 {[%emt 0:00:00]} g6 {[%emt 0:00:30]} 3. c4 {[%emt 0:00:00]} Bg7 {[%emt 0:00:30]} 4. Nc3 {[%emt 0:00:14]} d5 {[%emt 0:00:30]} 5. cxd5 {[%emt 0:00:30]} Nxd5 {[%emt 0:00:30]} 6. e4 {[%emt 0:00:30]} Nxc3 {[%emt 0:00:30]} 7. bxc3 {[%emt 0:00:30]} O-O {[%emt 0:00:30]} 8. Be2 {[%emt 0:00:30]} c5 {[%emt 0:02:30]} 9. O-O {[%emt 0:09:38]} b6 10. Be3 {[%emt 0:00:00]} Bb7 {[%emt 0:06:57]} 11. Qd3 {[%emt 0:10:06]} cxd4 {[%emt 0:18:20]} 12. cxd4 {[%emt 0:00:12]} Nc6 {[%emt 0:00:16]} 13. Rac1 {[%emt 0:07:09]} e6 {[%emt 0:02:54]} 14. Rfd1 {[%emt 0:01:10]} Qd6 {[%emt 0:00:53]} 15. Qb1 {[%emt 0:03:19]} Rac8 {[%emt 0:03:09]} 16. h3 {[%emt 0:18:11]} h6 {[%emt 0:09:17]} 17. Bb5 {[%emt 0:01:46]} Kh7 18. h4 {[%emt 0:06:51]} Kh8 {[%emt 0:12:55]} 19. d5 exd5 {[%emt 0:03:10]} 20. exd5 {[%emt 0:04:11]} Ne7 {[%emt 0:02:17]} 21. Bc6 {[%emt 0:00:28]} Bxc6 {[%emt 0:02:32]} 22. dxc6 {[%emt 0:07:38]} Qe6 {[%emt 0:10:44]} 23. Re1 {[%emt 0:06:09]} Qd6 {[%emt 0:00:42]} 24. Red1 {[%emt 0:00:40]} Qe6 25. Nd4 {[%emt 0:00:40]} Qf6 {[%emt 0:07:44]} 26. Qb5 Rfd8 {[%emt 0:07:36]} 27. c7 {[%emt 0:02:47]} Rd5 {[%emt 0:06:37]} 28. Qb3 {[%emt 0:03:05]} Qxh4 {[%emt 0:00:39]} 29. Nf3 {[%emt 0:01:23]} Qe4 {[%emt 0:01:32]} 30. Re1 Qd3 {[%emt 0:01:04]} 31. Qa4 {[%emt 0:05:08]} Qb5 32. Qxa7 {[%emt 0:00:42]} Qd7 {[%emt 0:01:01]} 33. Qb7 {[%emt 0:02:20]} Nf5 {[%emt 0:00:27]} 34. Bxb6 {[%emt 0:00:25]} Kh7 35. Qc6 {[%emt 0:04:52]} g5 {[%emt 0:00:53]} 36. Qxd7 {[%emt 0:01:18]} Rxd7 37. Red1 {[%emt 0:00:07]} Rxd1+ {[%emt 0:00:39]} 38. Rxd1 g4 39. Rd8 {[%emt 0:01:19]} Ne7 {[%emt 0:00:24]} 40. Nd2 Be5 {[%emt 0:30:31]} 41. Rd7 {[%emt 0:30:24]} Ng6 {[%emt 0:00:30]} 42. Nc4 1-0

[Event "Asian Nation Cup Women 2018"]
[Site "Hamedan"]
[Date "2018.07.29"]
[Round "2"]
[White "Vaishali R"]
[Black "Shen, Yang"]
[Result "0-1"]
[WhiteElo "2337"]
[BlackElo "2462"]
[Annotator "TA"]
[PlyCount "70"]
[EventDate "2018.07.27"]
[EventType "swiss"]
[EventCountry "IRI"]
[SourceTitle "playchess.com"]
[Source "ChessBase"]
[SourceQuality "1"]
[WhiteTeam "India"]
[BlackTeam "China"]
[WhiteTeamCountry "IND"]
[BlackTeamCountry "CHN"]

{[%evp 15,70,14,17,8,6,2,12,10,5,-4,10,-3,-4,-9,0,-17,0,-14,0,0,0,-11,-13,-27,-27,-83,-81,-75,-65,-144,-143,-145,-145,-145,-144,-162,-139,-137,-118,-135,-129,-116,-20,-195,-188,-175,-186,-208,-208,-252,-235,-439,-452,-537,-524,-1408,-1331]} 1. e4 e5 2. Nf3 Nc6 3. Bb5 Nf6 4. d3 Bc5 5. Bxc6 dxc6 6. Qe2 {C65: Spanische Partie (Berliner-Verteidigung)} Qe7 7. Nbd2 {[%cal Bb1d2,Bd2c4,Bc4e3][%mdl 32]} O-O (7... Bg4 8. h3 Bh5 9. a3 Nd7 10. b4 Bb6 11. Nc4 a5 12. Rb1 axb4 13. axb4 Ra2 {0-1 (52) Carlsen,M (2843)-Aronian,L (2764) Stavanger 2018}) 8. Nc4 Nd7 {[%cal Bf6d7,Bd7f8,Bf8g6][%mdl 32] LiveBook: 4 Partien} 9. O-O Re8 10. a4 $146 ({Vorgänger:} 10. Bd2 f6 11. c3 Nf8 12. Rfe1 Bg4 13. b4 Bd6 {1-0 (67) Baches Garcia,G (2377)-Del Amo Carbo,J (2112) Barcelona 2014}) 10... f6 11. Nh4 Nf8 12. Kh1 Be6 13. Ne3 Qd7 14. Bd2 a6 15. g3 Ng6 16. Nhf5 Ne7 {[%cal Re7f5]} 17. g4 Bd4 18. Bc3 c5 19. Nxe7+ Rxe7 20. f4 (20. Rg1 $11) 20... exf4 $17 21. Rxf4 {[#]} c4 $1 {[%mdl 512]} 22. Rg1 ({Lieber} 22. Nf5 $1 $15 Bxf5 23. gxf5) (22. dxc4 Bxc3) 22... cxd3 23. cxd3 Rd8 24. g5 fxg5 25. Rxg5 h6 ({Auf keinen Fall} 25... Qxa4 26. Rf1 $17) 26. Rg3 Bxc3 27. bxc3 Qxd3 28. Qh5 Qd2 ({Aber nicht} 28... Qxc3 $2 29. Nf5 $18) (28... Rd6 $17 29. Nf1 (29. Qxh6 $2 Qb1+ 30. Nf1 Bd5 $19) 29... Qc2) 29. Rf1 $2 {[#]} (29. Rf6 $1 $11) 29... Rf8 $1 $36 {[%cal Rf8f1][%mdl 2048] Droht ...Txf1+ und aus. Schwarz bestimmt, wo es lang geht.} 30. Rfg1 Kh7 31. Qe5 {[%cal Rg3g7] [#]} Qd7 $1 {zielt auf ...Lg4 ab.} 32. Qc5 Rff7 33. Rg6 $2 (33. a5) 33... Qxa4 {Schwarz steht klar auf Gewinn.} 34. c4 Qb3 35. R1g3 Qb1+ {Precision: Weiß = 23%, Schwarz = 63%.} 0-1

[Event "Asian Nation Cup Women 2018"]
[Site "Hamedan"]
[Date "2018.07.29"]
[Round "2"]
[White "Aakanksha Hagawane"]
[Black "Zhai, Mo"]
[Result "1/2-1/2"]
[WhiteElo "2314"]
[BlackElo "2350"]
[Annotator "NA"]
[PlyCount "100"]
[EventDate "2018.07.27"]
[EventType "swiss"]
[EventCountry "IRI"]
[SourceTitle "playchess.com"]
[Source "ChessBase"]
[SourceQuality "1"]
[WhiteTeam "India"]
[BlackTeam "China"]
[WhiteTeamCountry "IND"]
[BlackTeamCountry "CHN"]
[TimeControl "40/5400+30:1800+30"]

1. e4 {[%emt 0:00:00]} c6 {[%emt 0:00:43]} 2. d4 {[%emt 0:00:10]} d5 {[%emt 0:00:30]} 3. exd5 {[%emt 0:00:30]} cxd5 {[%emt 0:00:30]} 4. Bd3 {[%emt 0:00:30]} Nc6 5. c3 Nf6 {[%emt 0:01:00]} 6. Nf3 {[%emt 0:00:34]} Bg4 {[%emt 0:05:21]} 7. O-O {[%emt 0:03:06]} Bxf3 {[%emt 0:03:58]} 8. Qxf3 {[%emt 0:00:09]} g6 {[%emt 0:00:12]} 9. Bg5 {[%emt 0:04:19]} Bg7 {[%emt 0:00:18]} 10. Nd2 {[%emt 0:00:18]} O-O {[%emt 0:00:34]} 11. Rfe1 {[%emt 0:03:28]} Rc8 {[%emt 0:05:50]} 12. Qh3 {[%emt 0:04:45]} Re8 {[%emt 0:00:59]} 13. Nf3 {[%emt 0:01:20]} a6 {[%emt 0:05:26]} 14. Bh6 {[%emt 0:06:29]} Qd7 {[%emt 0:03:53]} 15. Qh4 {[%emt 0:04:18]} Qg4 {[%emt 0:00:30]} 16. Qxg4 {[%emt 0:01:29]} Nxg4 {[%emt 0:00:02]} 17. Bxg7 {[%emt 0:02:23]} Kxg7 {[%emt 0:00:02]} 18. h3 {[%emt 0:00:42]} Nf6 {[%emt 0:00:02]} 19. Ne5 {[%emt 0:00:31]} e6 {[%emt 0:05:00]} 20. f4 {[%emt 0:02:19]} Rc7 {[%emt 0:07:02]} 21. Re3 {[%emt 0:07:35]} Nxe5 {[%emt 0:03:59]} 22. fxe5 {[%emt 0:02:33]} Nd7 {[%emt 0:02:27]} 23. Rf1 {[%emt 0:04:08]} Nb6 {[%emt 0:01:56]} 24. g4 {[%emt 0:11:31]} Na4 {[%emt 0:10:40]} 25. Rf2 {[%emt 0:02:09]} b5 {[%emt 0:00:24]} 26. a3 {[%emt 0:04:32]} Rb8 {[%emt 0:01:41]} 27. Rc2 {[%emt 0:01:25]} Rbb7 {[%emt 0:19:06]} 28. Bf1 {[%emt 0:04:08]} Nb6 {[%emt 0:05:15]} 29. b3 {[%emt 0:04:59]} Rb8 {[%emt 0:05:21]} 30. Rf2 {[%emt 0:05:30]} Nc8 {[%emt 0:02:37]} 31. h4 {[%emt 0:03:50]} h6 {[%emt 0:01:15]} 32. Kh2 {[%emt 0:01:41]} Ne7 {[%emt 0:02:02]} 33. Ref3 {[%emt 0:04:10]} Nc6 {[%emt 0:00:37]} 34. Be2 {[%emt 0:01:51]} Rbc8 {[%emt 0:01:44]} 35. Rf1 {[%emt 0:04:41]} Nd8 {[%emt 0:00:45]} 36. Rc1 {[%emt 0:00:13]} Nc6 {[%emt 0:00:05]} 37. Rcf1 {[%emt 0:00:08]} Na5 {[%emt 0:01:52]} 38. Bd1 {[%emt 0:00:06]} Kg8 {[%emt 0:00:47]} 39. h5 {[%emt 0:02:45]} g5 {[%emt 0:00:22]} 40. R1f2 {[%emt 0:01:13]} Rxc3 {[%emt 0:32:01]} 41. Rxf7 {[%emt 0:30:12]} Rd3 {[%emt 0:00:12]} 42. Bc2 {[%emt 0:01:33]} Rxd4 {[%emt 0:00:58]} 43. R7f6 {[%emt 0:00:57]} Rf4 {[%emt 0:00:25]} 44. R2xf4 {[%emt 0:00:00]} gxf4 {[%emt 0:00:00]} 45. Bg6 {[%emt 0:00:00]} Nc6 {[%emt 0:00:00]} 46. Rxe6 {[%emt 0:00:00]} Nd4 {[%emt 0:00:00]} 47. Re7 {[%emt 0:00:00]} Nc6 {[%emt 0:00:00]} 48. Re6 {[%emt 0:00:00]} Nd4 {[%emt 0:00:00]} 49. Re7 {[%emt 0:00:00]} Nc6 {[%emt 0:00:00]} 50. Re6 {[%emt 0:00:00]} Nd4 {[%emt 0:00:00]} 1/2-1/2

[Event "Asian Nation Cup Women 2018"]
[Site "Hamedan"]
[Date "2018.07.29"]
[Round "2"]
[White "Dauletova, Gulmira"]
[Black "Nguyen, Thi Mai Hung"]
[Result "1/2-1/2"]
[WhiteElo "2287"]
[BlackElo "2226"]
[Annotator "NA"]
[PlyCount "108"]
[EventDate "2018.07.27"]
[EventType "swiss"]
[EventCountry "IRI"]
[SourceTitle "playchess.com"]
[Source "ChessBase"]
[SourceQuality "1"]
[WhiteTeam "Uzbekistan"]
[BlackTeam "Iran"]
[WhiteTeamCountry "UZB"]
[BlackTeamCountry "IRI"]
[TimeControl "40/5400+30:1800+30"]

1. e4 c5 2. Nf3 Nc6 3. d4 cxd4 4. Nxd4 Qb6 5. Nb3 Nf6 6. Nc3 {[%emt 0:02:55]} e6 {[%emt 0:01:51]} 7. Be3 {[%emt 0:02:17]} Qc7 {[%emt 0:00:31]} 8. a3 {[%emt 0:13:29]} a6 {[%emt 0:00:40]} 9. f4 {[%emt 0:01:23]} d6 {[%emt 0:00:30]} 10. Qf3 {[%emt 0:08:18]} Be7 {[%emt 0:01:12]} 11. Bd3 {[%emt 0:00:49]} b5 {[%emt 0:02:32]} 12. e5 {[%emt 0:16:37]} dxe5 {[%emt 0:03:56]} 13. fxe5 {[%emt 0:02:56]} Nd7 {[%emt 0:01:04]} 14. O-O {[%emt 0:00:21]} Ndxe5 {[%emt 0:15:13]} 15. Qg3 {[%emt 0:00:34]} g6 {[%emt 0:06:26]} 16. Be4 {[%emt 0:15:28]} Bb7 {[%emt 0:20:05]} 17. Nd4 {[%emt 0:03:40]} Bd6 {[%emt 0:03:32]} 18. Ndxb5 {[%emt 0:02:03]} axb5 {[%emt 0:00:34]} 19. Nxb5 {[%emt 0:00:02]} Qb8 {[%emt 0:02:46]} 20. Bxc6+ {[%emt 0:04:38]} Bxc6 {[%emt 0:00:49]} 21. Nxd6+ {[%emt 0:00:02]} Qxd6 {[%emt 0:00:10]} 22. Rad1 {[%emt 0:00:04]} Qc7 {[%emt 0:13:03]} 23. Bd4 {[%emt 0:02:32]} f6 {[%emt 0:12:47]} 24. Rxf6 {[%emt 0:00:23]} O-O-O {[%emt 0:00:13]} 25. Rff1 {[%emt 0:03:48]} Rd5 {[%emt 0:00:54]} 26. c4 {[%emt 0:01:10]} Rxd4 27. Rxd4 {[%emt 0:00:01]} Re8 {[%emt 0:05:42]} 28. b4 {[%emt 0:03:22]} h5 {[%emt 0:03:21]} 29. b5 {[%emt 0:05:07]} Bb7 {[%emt 0:02:34]} 30. Re1 {[%emt 0:00:08]} Ng4 {[%emt 0:01:37]} 31. Qxc7+ {[%emt 0:00:10]} Kxc7 {[%emt 0:00:04]} 32. c5 {[%emt 0:00:08]} Nf6 {[%emt 0:00:44]} 33. c6 {[%emt 0:00:55]} Bc8 {[%emt 0:00:12]} 34. a4 {[%emt 0:05:35]} e5 {[%emt 0:00:47]} 35. Rc4 {[%emt 0:00:02]} Kb6 {[%emt 0:02:22]} 36. c7 {[%emt 0:01:20]} Nd5 {[%emt 0:01:22]} 37. Rc6+ {[%emt 0:00:42]} Kb7 {[%emt 0:00:07]} 38. Rxg6 {[%emt 0:02:16]} Nxc7 {[%emt 0:01:07]} 39. Rg5 {[%emt 0:02:16]} e4 {[%emt 0:00:20]} 40. Rxh5 {[%emt 0:00:44]} Kb6 {[%emt 0:30:30]} 41. Re3 {[%emt 0:31:40]} Bb7 {[%emt 0:00:46]} 42. Rh6+ {[%emt 0:00:52]} Ka5 {[%emt 0:00:18]} 43. Rh7 {[%emt 0:00:12]} Nd5 {[%emt 0:00:39]} 44. Re1 {[%emt 0:00:39]} Bc8 {[%emt 0:00:00]} 45. Rh4 {[%emt 0:00:00]} e3 {[%emt 0:00:00]} 46. Rd4 {[%emt 0:00:00]} Bb7 {[%emt 0:00:00]} 47. g3 {[%emt 0:00:00]} Nb4 {[%emt 0:00:00]} 48. Rd7 {[%emt 0:00:00]} Bf3 {[%emt 0:00:00]} 49. Rc1 {[%emt 0:00:00]} e2 {[%emt 0:00:00]} 50. Kf2 {[%emt 0:00:00]} Bg4 {[%emt 0:00:00]} 51. Rd2 {[%emt 0:01:24]} Rf8+ {[%emt 0:00:00]} 52. Kg1 {[%emt 0:01:22]} Re8 {[%emt 0:00:00]} 53. Kf2 {[%emt 0:00:46]} Rf8+ {[%emt 0:00:00]} 54. Kg1 {[%emt 0:00:01]} Re8 {[%emt 0:00:00]} 1/2-1/2

[Event "Asian Nation Cup Women 2018"]
[Site "Hamedan"]
[Date "2018.07.29"]
[Round "2"]
[White "Nguyen, Thi Thanh An"]
[Black "Nakhbayeva, Guliskhan"]
[Result "1-0"]
[WhiteElo "2257"]
[BlackElo "2352"]
[Annotator "NA"]
[PlyCount "109"]
[EventDate "2018.07.27"]
[EventType "swiss"]
[EventCountry "IRI"]
[SourceTitle "playchess.com"]
[Source "ChessBase"]
[SourceQuality "1"]
[WhiteTeam "Iran"]
[BlackTeam "Uzbekistan"]
[WhiteTeamCountry "IRI"]
[BlackTeamCountry "UZB"]
[TimeControl "40/5400+30:1800+30"]

1. d4 {[%emt 0:00:00]} Nf6 {[%emt 0:00:03]} 2. c4 {[%emt 0:01:35]} e6 {[%emt 0:00:30]} 3. Nc3 {[%emt 0:00:30]} Bb4 {[%emt 0:00:30]} 4. Qc2 {[%emt 0:00:30]} O-O {[%emt 0:00:30]} 5. a3 {[%emt 0:00:30]} Bxc3+ {[%emt 0:00:30]} 6. Qxc3 b5 7. cxb5 {[%emt 0:01:00]} c6 {[%emt 0:00:00]} 8. Qg3 {[%emt 0:01:53]} Ne4 {[%emt 0:02:17]} 9. Qd3 {[%emt 0:00:40]} d5 {[%emt 0:00:42]} 10. Nf3 {[%emt 0:04:16]} cxb5 {[%emt 0:00:31]} 11. e3 {[%emt 0:01:12]} a6 {[%emt 0:13:33]} 12. Be2 {[%emt 0:00:21]} Nc6 {[%emt 0:01:46]} 13. Bd2 {[%emt 0:00:16]} Bd7 {[%emt 0:00:38]} 14. O-O {[%emt 0:00:37]} Qb6 {[%emt 0:00:28]} 15. Rfc1 {[%emt 0:09:28]} Rfc8 {[%emt 0:01:00]} 16. Be1 {[%emt 0:02:57]} h6 {[%emt 0:07:17]} 17. Nd2 {[%emt 0:12:23]} Nxd2 {[%emt 0:09:19]} 18. Bxd2 {[%emt 0:02:42]} Rc7 {[%emt 0:00:16]} 19. Rc5 {[%emt 0:08:41]} Ne5 {[%emt 0:08:23]} 20. Qc3 {[%emt 0:01:22]} Rxc5 {[%emt 0:03:45]} 21. dxc5 {[%emt 0:00:26]} Qc7 {[%emt 0:00:27]} 22. b3 {[%emt 0:02:12]} Nc6 {[%emt 0:03:34]} 23. Rd1 {[%emt 0:03:20]} e5 {[%emt 0:01:51]} 24. Bc1 {[%emt 0:04:11]} Be6 {[%emt 0:01:01]} 25. b4 {[%emt 0:00:54]} f6 {[%emt 0:04:41]} 26. Bb2 {[%emt 0:03:08]} Rd8 {[%emt 0:04:21]} 27. Qc2 {[%emt 0:05:32]} Qf7 {[%emt 0:04:04]} 28. Bd3 {[%emt 0:02:08]} f5 {[%emt 0:00:50]} 29. Qe2 {[%emt 0:00:52]} f4 {[%emt 0:11:58]} 30. Bc2 {[%emt 0:03:06]} fxe3 {[%emt 0:05:19]} 31. fxe3 {[%emt 0:03:20]} Qe7 {[%emt 0:03:00]} 32. Qh5 {[%emt 0:02:07]} Qf7 {[%emt 0:03:48]} 33. Bg6 {[%emt 0:04:18]} Qc7 {[%emt 0:00:02]} 34. Rf1 {[%emt 0:03:59]} Rd7 {[%emt 0:02:46]} 35. Qf3 {[%emt 0:05:53]} Rd8 {[%emt 0:00:36]} 36. Qh5 {[%emt 0:01:13]} Rd7 {[%emt 0:00:08]} 37. Qf3 {[%emt 0:02:37]} Rd8 {[%emt 0:00:03]} 38. h3 {[%emt 0:00:11]} a5 {[%emt 0:01:11]} 39. Qg3 {[%emt 0:00:18]} axb4 {[%emt 0:01:11]} 40. axb4 {[%emt 0:00:05]} Ra8 {[%emt 0:35:15]} 41. Bb1 {[%emt 0:31:29]} Bf7 {[%emt 0:00:00]} 42. Qg4 {[%emt 0:00:00]} Re8 {[%emt 0:00:00]} 43. Bd3 {[%emt 0:00:00]} Rb8 {[%emt 0:00:00]} 44. Rf3 {[%emt 0:00:00]} Qe7 {[%emt 0:00:00]} 45. Rg3 {[%emt 0:00:00]} Qf6 {[%emt 0:00:00]} 46. Qd7 {[%emt 0:00:00]} Nxb4 {[%emt 0:00:00]} 47. Qc7 {[%emt 0:02:08]} Nxd3 {[%emt 0:01:03]} 48. Qxb8+ {[%emt 0:00:13]} Kh7 {[%emt 0:00:02]} 49. Rf3 {[%emt 0:01:18]} Qe6 {[%emt 0:03:32]} 50. Qxb5 {[%emt 0:00:40]} Bg6 {[%emt 0:00:08]} 51. Qb6 {[%emt 0:01:43]} Qe8 {[%emt 0:00:35]} 52. Rg3 {[%emt 0:00:45]} Be4 {[%emt 0:01:18]} 53. c6 {[%emt 0:01:50]} Nxb2 {[%emt 0:01:44]} 54. Qb7 {[%emt 0:01:07]} Bg6 {[%emt 0:00:10]} 55. c7 {[%emt 0:00:17]} 1-0

[Event "Asian Nation Cup Women 2018"]
[Site "Hamedan"]
[Date "2018.07.30"]
[Round "3"]
[White "Saduakassova, Dinara"]
[Black "Lei, Tingjie"]
[Result "1/2-1/2"]
[WhiteElo "2489"]
[BlackElo "2473"]
[Annotator "TA"]
[PlyCount "100"]
[EventDate "2018.07.27"]
[EventType "swiss"]
[EventCountry "IRI"]
[SourceTitle "playchess.com"]
[Source "ChessBase"]
[SourceQuality "1"]
[WhiteTeam "Kazakhstan"]
[BlackTeam "China"]
[WhiteTeamCountry "KAZ"]
[BlackTeamCountry "CHN"]

{[%evp 17,100,20,36,36,30,26,31,28,39,26,26,26,26,20,21,23,37,0,0,0,0,0,0,-16,-12,-34,0,0,0,0,7,0,0,0,14,12,18,29,39,34,54,16,117,0,61,0,117,123,126,128,118,25,25,25,22,14,27,8,8,0,20,0,0,0,0,0,0,0,0,0,0,0,0,0,0,0,0,0,0,0,0,0,0,0,0]} 1. d4 Nf6 2. c4 g6 3. g3 c5 4. dxc5 Bg7 5. Bg2 Na6 6. Nc3 {E60: King's Indian: Unusual lines and Fianchetto Variation without Nc3} Nxc5 7. Nh3 d6 8. O-O O-O 9. Nf4 Bf5 {LiveBook: 4 Games} 10. Be3 Nfe4 11. Nxe4 Bxe4 12. Bxe4 Nxe4 13. Qd5 $146 Nf6 14. Qxb7 Ng4 15. Rab1 Nxe3 16. fxe3 Qa5 17. a3 e6 18. Nd3 {Hoping for Rxf7!} Rab8 19. Qf3 Rb3 20. Rfc1 Qb6 {[%cal Rg7b2]} 21. a4 Bh6 22. c5 dxc5 23. Rc4 Rd8 24. Rf1 f5 25. Kg2 Bg7 26. Rfc1 Bf8 27. R1c2 Rd5 28. e4 $36 {[%mdl 2048] Black is under pressure.} Rd8 29. Qf2 {[%cal Rd3c5]} Qb7 (29... Rc8 $11) 30. Qf3 (30. Nxc5 $16 Bxc5 31. Qxc5) 30... Qb6 $14 31. Qf2 (31. g4 $14) 31... Qb7 $16 32. Nxc5 Bxc5 33. Qxc5 Rxb2 {[#]} 34. Rxb2 (34. Qe5 $1 $16 Rxc2 35. Qxe6+ Kg7 36. Rxc2) 34... Qxb2 {[%mdl 4096] Endgame KQR-KQR} 35. Rc2 Qb7 36. Qc6 Qe7 37. Rb2 {With the idea Rb7.} Qd7 $1 {[%cal Rd7c6] The position is equal.} 38. Rc2 (38. Qxd7 {feels hotter.} Rxd7 39. Kf2 Kf7 40. Kf3 fxe4+ 41. Kxe4 Kf6 42. Rb5) 38... Kf7 39. exf5 (39. Qc7 {is interesting.} Kg8 40. Qc4 Rf8 41. exf5 Rxf5 42. Rc3) 39... gxf5 40. Qxd7+ Rxd7 $11 {KR-KR} 41. Rc6 Kf6 42. Ra6 Ke5 43. Kf3 h5 44. Ra5+ Kf6 45. e4 h4 46. exf5 hxg3 47. Kxg3 exf5 48. h4 Rd3+ 49. Kf2 Rh3 50. Rxa7 Ke5 {Precision: White = 51%, Black = 62%.} 1/2-1/2

[Event "Asian Nation Cup Women 2018"]
[Site "Hamedan"]
[Date "2018.07.30"]
[Round "3"]
[White "Shen, Yang"]
[Black "Abdumalik, Zhansaya"]
[Result "1/2-1/2"]
[WhiteElo "2462"]
[BlackElo "2488"]
[Annotator "TA"]
[PlyCount "74"]
[EventDate "2018.07.27"]
[EventType "swiss"]
[EventCountry "IRI"]
[SourceTitle "playchess.com"]
[Source "ChessBase"]
[SourceQuality "1"]
[WhiteTeam "China"]
[BlackTeam "Kazakhstan"]
[WhiteTeamCountry "CHN"]
[BlackTeamCountry "KAZ"]

{[%evp 16,74,14,9,11,0,0,-59,-53,-56,-55,-88,-66,-97,-56,-63,0,0,0,0,0,0,0,0,0,-60,-50,-47,-19,-37,-42,-39,0,-9,-14,-13,-12,-10,0,0,0,0,47,0,0,0,468,468,607,495,582,0,0,0,0,0,0,0,0,0,0]} 1. d4 Nf6 2. c4 g6 3. Nc3 d5 4. Bg5 Ne4 5. Bh4 Nxc3 6. bxc3 dxc4 7. e3 Be6 8. Qb1 {D80: Grünfeld: Unusual White 4th moves and 4 Bg5} (8. Nf3 Bg7 9. Qb1 Qd5 10. Be2 Bf5 11. Qb4 c5 12. Qb5+ Bd7 13. Qxc4 Bc6 14. Qb3 e6 15. c4 Qd7 16. Ne5 Qc7 17. O-O {½-½ (124) Wei,Y (2743)-Svidler,P (2768) Wijk aan Zee 2018}) 8... Qd5 9. Be2 {LiveBook: 3 Games} Qa5 10. Qb2 Nd7 11. Bf3 ({Better is} 11. Nf3 $11) 11... c6 $146 ({Predecessor:} 11... Rb8 12. Ne2 g5 13. Bg3 h5 14. h4 g4 15. Be4 Bh6 {0-1 (34) Feiler,J (2158)-Herbrechtsmeier,C (2251) Germany 2008}) 12. Ne2 Nb6 13. O-O h5 14. Bg3 Rc8 15. h4 Bg7 (15... Bg4 $15) 16. Rfb1 $11 Bg4 17. Qb4 Qxb4 18. Rxb4 c5 19. Rb5 cxd4 20. exd4 (20. cxd4 $11 Bxf3 21. gxf3) 20... Bxf3 $15 21. gxf3 Rc6 22. a4 a6 23. Rb4 Bf6 24. Rab1 Nd5 25. Rxb7 O-O 26. Rd7 e6 27. Rbb7 a5 28. Kg2 Re8 29. Nf4 Nxc3 30. Rxf7 Rf8 $2 {[%mdl 8192]} (30... Nd5 $11) 31. Rfd7 $18 Nd5 32. Nxg6 Rd8 {[#] Hoping for ...Rxd7.} 33. Rf7 $2 ({White has to play} 33. Rh7 $18) 33... Rb6 $11 {The position is equal.} 34. Ra7 $1 {White threatens Be5 and mate.} Ra6 $36 {[%mdl 2048] And now ...Rxa7 would win. Black is more active.} 35. Rab7 Rb6 {Strongly threatening ...Rxb7.} 36. Ra7 $1 {[#] White wants to mate with Be5.} Ra6 {White must now prevent ...Rxa7.} 37. Rab7 {Be5 would kill now.} Rb6 {Precision: White = 50%, Black = 61%.} 1/2-1/2

[Event "Asian Nation Cup Women 2018"]
[Site "Hamedan"]
[Date "2018.07.30"]
[Round "3"]
[White "Khademalsharieh, Sarasadat"]
[Black "Hoang, Thi Bao Tram"]
[Result "1-0"]
[WhiteElo "2408"]
[BlackElo "2364"]
[Annotator "NA"]
[PlyCount "91"]
[EventDate "2018.07.27"]
[EventType "swiss"]
[EventCountry "IRI"]
[SourceTitle "playchess.com"]
[Source "ChessBase"]
[SourceQuality "1"]
[WhiteTeam "Iran"]
[BlackTeam "Vietnam"]
[WhiteTeamCountry "IRI"]
[BlackTeamCountry "VIE"]
[TimeControl "40/5400+30:1800+30"]

1. d4 {[%emt 0:00:00]} d5 {[%emt 0:00:37]} 2. c4 {[%emt 0:00:00]} c6 {[%emt 0:00:28]} 3. Nf3 {[%emt 0:00:25]} Nf6 {[%emt 0:00:22]} 4. e3 {[%emt 0:00:06]} Bf5 {[%emt 0:01:55]} 5. Nc3 {[%emt 0:00:08]} e6 {[%emt 0:00:30]} 6. Nh4 {[%emt 0:00:28]} Be4 {[%emt 0:03:18]} 7. f3 {[%emt 0:00:13]} Bg6 {[%emt 0:00:21]} 8. Qb3 {[%emt 0:00:09]} Qc7 {[%emt 0:00:37]} 9. Bd2 {[%emt 0:00:24] D12: Slav Defence: 3 Nf3 Nf6 4 e3 Bf5} Be7 {[%emt 0:01:39] LiveBook: 607 Games} 10. Nxg6 {[%emt 0:02:57]} (10. g3 Nbd7 11. cxd5 exd5 12. O-O-O a5 13. Nxg6 hxg6 14. Qc2 a4 15. e4 a3 16. e5 axb2+ {0-1 (59) Le,Q (2737)-Mamedov,R (2709) Huaian 2017}) 10... hxg6 {[%emt 0:00:13]} 11. cxd5 {[%emt 0:02:08]} Nxd5 12. O-O-O {[%emt 0:09:49]} Nd7 {[%emt 0:08:26]} 13. Nxd5 {[%emt 0:02:59]} exd5 {[%emt 0:13:59]} 14. Kb1 {[%emt 0:01:27]} O-O-O 15. Rc1 {[%emt 0:03:23]} Kb8 16. h3 {[%emt 0:11:23] [#]} Rhe8 {[%emt 0:08:20]} ({Predecessor:} 16... Qd6 $146) 17. Be2 {[%emt 0:06:16]} Bf6 {[%emt 0:05:33]} 18. Rc2 {[%emt 0:11:34]} Nb6 {[%emt 0:05:52]} 19. Rd1 {[%emt 0:05:41]} Re6 {[%emt 0:07:19]} 20. a4 {[%emt 0:01:55]} Rde8 {[%emt 0:02:45]} 21. a5 {[%emt 0:02:38]} Nc8 {[%emt 0:01:57]} 22. Rdc1 {[%emt 0:04:41]} Qd7 {[%emt 0:02:44]} 23. Bf1 {[%emt 0:05:52]} Ka8 {[%emt 0:02:18]} 24. e4 {[%emt 0:08:28]} Ne7 {[%emt 0:03:18]} 25. e5 {[%emt 0:01:59]} Bh4 {[%emt 0:00:38]} 26. g4 {[%emt 0:05:52]} g5 {[%emt 0:07:13]} 27. Bd3 {[%emt 0:01:41]} Rh6 {[%emt 0:02:23]} 28. a6 {[%emt 0:01:22]} Rb8 {[%emt 0:04:43]} 29. Bb4 {[%emt 0:02:52]} bxa6 {[%emt 0:02:45]} 30. Qa3 {[%emt 0:00:18]} Nc8 {[%emt 0:00:09]} 31. Bf8 {[%emt 0:03:27]} Nb6 {[%emt 0:05:35]} 32. Bd6 {[%emt 0:01:12]} Rc8 {[%emt 0:01:09]} 33. Bxa6 {[%emt 0:02:02]} Rhh8 {[%emt 0:00:09]} 34. Bxc8 {[%emt 0:01:04]} Rxc8 {[%emt 0:00:06]} 35. Bc5 {[%emt 0:00:40]} Nc4 {[%emt 0:01:23]} 36. Qa4 {[%emt 0:02:12]} Rb8 {[%emt 0:00:18]} 37. b3 {[%emt 0:00:21]} Rb5 {[%emt 0:00:40]} 38. Ra2 {[%emt 0:00:30]} a5 {[%emt 0:07:21]} 39. Ka1 {[%emt 0:00:44]} Ne3 {[%emt 0:01:44]} 40. Re2 {[%emt 0:00:38]} Bg3 {[%emt 0:00:08]} 41. Rxe3 {[%emt 0:30:13]} Bf4 {[%emt 0:30:07]} 42. Rec3 {[%emt 0:00:09]} Bxc1 {[%emt 0:00:08]} 43. Rxc1 {[%emt 0:00:02]} Qb7 {[%emt 0:00:41]} 44. Ka2 {[%emt 0:00:31]} Kb8 {[%emt 0:00:31]} 45. Bd6+ {[%emt 0:00:28]} Kc8 {[%emt 0:00:07]} 46. Rc5 {[%emt 0:00:22]} 1-0